| 000 | 01681nam a2200301 a 4500 | ||
|---|---|---|---|
| 001 | 000000406 | ||
| 005 | 20200929145335.0 | ||
| 008 | 081028s2006 dr a r 000 0 spa d | ||
| 020 | _a8492243503 | ||
| 040 |
_aDO-SdBNP _bspa _cBNPHU |
||
| 082 |
_a465 _bG216m, 2006 |
||
| 100 | 1 |
_aGarcía, Bartolo _91360 |
|
| 245 | 1 | 0 |
_aMorfosintaxis funcional del español : _bteoría-análisis-producción / _cBartolo García, Rafael Núñez, Julio de los Santos. |
| 250 | _a6a ed. | ||
| 260 |
_aSanto Domingo : _bSurco, _c2006. |
||
| 300 |
_a351 p. : _bil. ; _c22 cm. |
||
| 504 | _aBibliografía : p. 347-351 | ||
| 505 | 0 |
_tPrefacio -- _tNota a la cuarta edición -- _tCapítulo introductorio -- _tLingüística y visión de la lengua -- _gPrimera parte: _tmorfología -- _tMorfología y sintáxis y las demás disciplinas de la lingüística -- _tCategorías formales -- _tRelación significante-significado -- _tEl morfema -- _tMorfología verbal -- _gSegunda parte: _tanálisis de la oración simple -- _tLa oración -- _tEl sujeto -- _tEl predicado -- _tVisión holística del análisis sintáctico -- _gTercera parte: _tanálisis de la oración compuesta -- _tOraciones y proposiciones -- _tProposiciones coordinadas -- _tProposiciones subordinadas -- _tÍndice de textos -- _tBibliografía. |
|
| 590 | _aInventariado, 2018/BT | ||
| 650 | 4 |
_aEspañol _xGramática _xEstudios y enseñanza _91361 |
|
| 650 | 4 |
_aEspañol _xComposición y ejercicios _91362 |
|
| 650 | 4 |
_aEspañol _xMorfosintaxis _91363 |
|
| 650 | 4 |
_aEspañol _xSintaxis _91364 |
|
| 650 | 4 |
_aEspañol _xMorfología _91365 |
|
| 700 | 1 | 2 |
_aNúñez, Rafael _91366 |
| 700 | 1 | 2 |
_aSantos, Julio de los _91367 |
| 910 | _aValidado. Control de calidad. MMOLINA | ||
| 999 |
_c404 _d404 |
||